000 00813nas a22002057a 4500
999 _c33822
_d33822
003 OSt
005 20230328144857.0
008 160601b xxu||||| |||| 00| 0 eng d
022 _a2220-0339 - 2225-417X
040 _cBMC
082 _a001.47284
245 0 0 _aRevista anual de investigación y proyección social: 2021-2022
_cElsy Escolar SantoDomingo, rectora
260 _aSan Salvador, El Salvador
_bITCA-FEPADE
_c2022
300 _a69 p.
_c28 cm
_bil. col.
500 _aDatos tomados de la cub.
505 _aContiene: Diseño e implementación de plataforma de tele-ingeniería.- Sistema inteligente para medición del comportamiento humano en relación al COVID-19.-
650 2 4 _94874
_aInvestigación
_zEl Salvador
700 1 _940858
_aSantoDomingo, Elsy Escolar
942 _2ddc
_cPR
_hprozim